Statistiques concernant Paroles : Dommage - Bigflo & Oli

Cliquez ici pour prendre le quiz!

Statistiques générales

  • Ce quiz a été pris 10 825 fois
    (10 806 depuis la dernière actualisation)
  • Le résultat moyen est 509 sur 590

Statistiques - réponses

Paroles% Correct
À
99%
a
99%
à
99%
ce
99%
Ce
99%
le
99%
Il
98%
il
98%
de
97%
là,
97%
l'a
97%
la
97%
les
97%
Son
97%
son
97%
tous
97%
au
96%
bus,
96%
c'est
96%
dommage,
96%
dommage"
96%
comme
95%
Comme
95%
elle,
95%
elle
95%
Elle
95%
matins
95%
prend
95%
cet
94%
du
94%
est
94%
fois"
94%
fois
94%
y
94%
aller,
93%
belle
93%
cette
93%
dernière
93%
faire
93%
faire,
93%
fille,
93%
lui
93%
ah
92%
"Ah
92%
Ah
92%
"ah
92%
aurait
92%
avec
92%
dit
91%
et
91%
Et
91%
Louis
91%
Louis,
91%
On
91%
que
91%
jour
90%
doux
89%
ne
89%
parfum
89%
pas
89%
si
89%
vie,
89%
vie
89%
des
88%
fond
88%
Mais
88%
sa
88%
un
88%
timide
87%
qu’elle
86%
Qu'elle
86%
qu'elle
86%
Dans
85%
dans
85%
jours
85%
une
85%
Une
85%
jamais
84%
même
84%
parler,
84%
Quand
84%
quand
84%
crois-moi
83%
qu'il
83%
veut
83%
l'amour
82%
p't'être
82%
qu'on
82%
revue
82%
appelle
81%
Ça
81%
ça
81%
Ses
81%
ses
81%
voix,
81%
depuis
80%
espère
80%
siège
80%
souri
80%
père
79%
musique
78%
ressent
78%
vienne
78%
sait
77%
tout
77%
douée
76%
d'son
76%
bouée
75%
collé
75%
danse,
75%
descendue
75%
mon
75%
métier"
74%
pour
74%
VRAI
74%
d'lui,
73%
canapé
72%
mari
72%
Yasmine
72%
bras,
71%
soirée
71%
tempête
71%
danser
70%
l'usine
69%
69%
sur
69%
Sur
69%
amis
68%
ciel
68%
pieds
68%
télé
68%
couleur
67%
monde
67%
travaille
67%
"trouve-toi
67%
C'était
66%
devant
66%
femme
66%
frère
66%
rencontrer
66%
sont
66%
chanter
65%
croisa
65%
penser
65%
répétait
65%
suivi
65%
valise
65%
Diego,
64%
Diego
64%
passe
64%
tu
64%
fait
63%
mélodie,
63%
regrets
63%
rentre
63%
affalé
62%
Après
62%
avait
62%
corps
62%
mieux
62%
p'tit
62%
remords
62%
remords,
62%
sortis,
62%
t'allais
62%
vivre
62%
arrive
61%
relevée
61%
s'est
61%
taches
61%
Vaut
61%
bientôt,
60%
engueule
60%
fils
60%
pauvre
60%
qu'avec
60%
t'es
60%
trouver
60%
Face
59%
fleurs
59%
projecteurs
59%
repense
59%
rien
59%
élever
58%
lumière
58%
routine
58%
tellement
58%
trompé
58%
après-midi
57%
compagnie
57%
jets
57%
lune
57%
secret
57%
sous
57%
coincée
56%
décision
56%
nuit
56%
prise
56%
avenir,
55%
compliments
55%
recevoir
55%
scène
55%
seul,
55%
s'imagine
55%
tenir
55%
mairie,
54%
oublie
54%
Parfois
52%
triste,
52%
viendra
52%
déprime
51%
souvent
50%
Pauline
49%
rouillée,
49%
discrète,
48%

Distribution des résultats

Percentile par nombre de réponses

% des personnes avec chaque résultat

Votre développement - résultats

Vous n’avez pas pris ce quiz depuis la dernière actualisation